| 000 | 01074cam a2200361 4500 | ||
|---|---|---|---|
| 001 | a4677 | ||
| 003 | DO-SdBPM | ||
| 005 | 20260430142538.0 | ||
| 007 | ta | ||
| 008 | 100209s2006 ag a | |||| 000 1 spa | ||
| 015 | _a | ||
| 017 |
_a _b |
||
| 020 | _a9870401139 | ||
| 035 | _a | ||
| 040 |
_aDO-SdBPM _bspa _cBPMSU _e rda |
||
| 080 | _a | ||
| 082 | 0 | 4 |
_aA863.6 _bP473b 2006 _222 |
| 100 | 1 |
_aPescetti, Luis María _d1958- _4aut. _eautor |
|
| 245 | 1 | 0 |
_a¡Buenísimo, Natacha! / _cLuis María Pescetti ; ilustraciones O'Kiff. _h |
| 250 | _a | ||
| 264 |
_aBuenos Aires, Argentina : _bAlfaguara, _c2006 |
||
| 300 |
_a139 páginas : _bilustraciones ; _c21 cm |
||
| 336 |
_atexto _btxt _2rdacontent |
||
| 337 |
_asin mediación _bn _2rdamedia |
||
| 338 |
_avolumen _bnc _2rdacarrier |
||
| 490 | 0 | _aAlfaguara infantil | |
| 500 | _aDesde 10 años | ||
| 650 | 7 | _aNovela infantil argentina | |
| 650 | 7 | _aLiteratura infantil argentina | |
| 700 | 1 |
_aFernández, Pablo _eilustración _q |
|
| 910 | _aVMateo V. Control de calidad. BPMSU | ||
| 942 |
_2ddc _cBK |
||
| 999 |
_c12024 _d12024 |
||